000 01086nam a2200289 a 4500
003 MX-MxUPN
005 20240531121613.0
008 991125s1903 mx j 000 0 spa d
035 _aUPN01000053973
040 _aMX-MxUPN
_bspa
_cMX-MxUPN
041 _aspa
050 0 4 _aQC93
_bJ56 1903
100 1 _aJiménez de la Cuesta, Eduardo
_951531
245 1 0 _aSistema métrico-decimal
250 _aQuinta edición
_bcorregida y aumentada
260 _aMéxico :
_bAntigua Imprenta de E. Murguía,
_c1903.
300 _a64 páginas, [1] hoja plegable
500 _a"Declara de texto por la junta directiva de Instrucción Publica y adoptado en la Escuela Nacional de Comercio y Administración".
500 _a"Obra premiada en la exposición de París de 1889 y en la Colombina de Chicago de 1893"
650 2 _aNumeración
_926
650 2 _aSistema métrico
_921954
650 7 _aPesas y medidas
_949461
_xEstudio y enseñanza (Elemental)
650 4 _aPesas y medidas
_952146
_vLibros de texto
902 _bMaríaRobles/310524
905 _aLibro
942 _2lcc
_cLIBRO
_n0
999 _c53973
_d53973